Αντισύλληψη και σεξουαλικότητα των νέων γυναικών : διπλωματική εργασία
Αποθηκεύτηκε σε:
| Κύριος συγγραφέας: | |
|---|---|
| Συγγραφή απο Οργανισμό/Αρχή: | |
| Άλλοι συγγραφείς: | |
| Μορφή: | Thesis Βιβλίο |
| Γλώσσα: | Greek |
| Δημοσίευση: |
2010
|
| Θέματα: | |
| Διαθέσιμο Online: | http://hdl.handle.net/11610/11769 |
| Ετικέτες: |
Προσθήκη ετικέτας
Δεν υπάρχουν, Καταχωρήστε ετικέτα πρώτοι!
|
MARC
| LEADER | 00000cam a2200000 i 4500 | ||
|---|---|---|---|
| 001 | 1/15279 | ||
| 008 | 110930s2010 gre d | ||
| 035 | |l 10110913 | ||
| 040 | |a GR-MY-UA |b gre |e aacr | ||
| 041 | 0 | |a gre | |
| 082 | 0 | |a 306.7 |2 (22) | |
| 100 | 1 | |a Δημητροπούλου, Δέσποινα. | |
| 245 | 1 | 0 | |a Αντισύλληψη και σεξουαλικότητα των νέων γυναικών : |b διπλωματική εργασία / |c Δημητροπούλου Δέσποινα ; επιβλέπων καθηγητής: Γιαννακόπουλος Κώστας |
| 260 | |c 2010 | ||
| 300 | |a 81 σ.; |c 30 εκ. | ||
| 502 | |a Διατριβή (μεταπτυχιακή) – Πανεπιστήμιο Αιγαίου, Λέσβος, 2010. | ||
| 504 | |a Βιβλιογραφία: σ. 81-87 | ||
| 650 | 0 | 0 | |a Women |x Sexual behaviour |x Psychological aspects. |
| 650 | 0 | 0 | |a Women |x Sexual behaviour |x Greece. |
| 650 | 0 | 0 | |a Women |x Sexual behaviour |x Case studies. |
| 650 | 0 | 0 | |a Dissertations, Academic |z Greece. |
| 650 | 0 | 0 | |a Sex (Psychology) |
| 700 | 1 | |4 ths |a Γιαννακόπουλος, Κώστας. | |
| 710 | 2 | |a Πανεπιστήμιο Αιγαίου |b Σχολή Κοινωνικών Επιστημών |b Τμήμα Κοινωνικής Ανθρωπολογίας και Ιστορίας |b Πρόγραμμα Μεταπτυχιακών Σπουδών Γυναίκες και Φύλα: Ανθρωπολογικές και Ιστορικές Προσεγγίσεις. | |
| 852 | |a INST |b LESVOS |c DIATR |e 20110930 |h 149 |p 005100051517 |q 005100051517 |t MTXE |y 23 | ||
| 852 | |a INST |b LESVOS |c DIATR |e 20110930 |h 150 |p 005100051518 |q 005100051518 |t MTXE |y 23 | ||
| 856 | |u http://hdl.handle.net/11610/11769 | ||
| 901 | |a BIBL1-2011-3 | ||
| 909 | |a Λ |b 171657 | ||
| 909 | |a Λ |b 171658 | ||
| 924 | |a ΔΗΜΗΤΡΟΠΟΥΛΟΥ |b ΔΕΣΠΟΙΝΑ |y ΛΕΣΒΟΣ |z 2011-09 | ||
| 970 | |a ΤΖΑΦΕΡΗ |b ΕΥΑΓΓΕΛΙΑ |z 2011/09/30 | ||